[Event "FIDE Open World Blitz 2021"]
[Site "Warsaw"]
[Date "2021.12.29"]
[Round "6.36"]
[White "Predke, Alexandr"]
[Black "Donchenko, Alexander"]
[Result "1-0"]
[WhiteElo "2627"]
[BlackElo "2645"]
[Annotator "ChessBase"]
[PlyCount "107"]
[EventDate "2021.12.29"]
[EventType "swiss"]
[EventCountry "POL"]
[Tiebreak "Cut1 Buchholz"]
[SourceTitle "playchess.com"]
[Source "ChessBase"]
[SourceQuality "1"]

1. d4 Nf6 2. c4 e6 3. Nc3 Bb4 4. e3 O-O 5. Bd3 Re8 6. Nge2 d5 7. cxd5 exd5 8.
a3 Bd6 9. Qc2 c6 10. Bd2 Nbd7 11. f3 c5 12. h4 c4 13. Bf5 Nf8 14. g4 Rb8 15. h5
h6 16. O-O-O b5 17. Rdg1 N8h7 18. f4 Bxf5 19. Qxf5 Qc8 20. Ng3 b4 21. axb4 Bxb4
22. g5 Bxc3 23. Bxc3 hxg5 24. fxg5 Ne4 25. g6 fxg6 26. Qxd5+ Qe6 27. Qxe6+ Rxe6
28. d5 Nxg3 29. Rxg3 Ra6 30. Rhg1 g5 31. e4 Rd8 32. Kd2 Nf6 33. Ke3 Re8 34.
Bxf6 gxf6 35. Rf1 Rb6 36. Kd4 Kg7 37. Rf2 Rb4 38. Rc3 a5 39. Re2 Kh6 40. Rxc4
Rxc4+ 41. Kxc4 Kxh5 42. d6 g4 43. Kd5 g3 44. d7 Rg8 45. Ke6 Kg4 46. Rd2 Kf3 47.
d8=Q Rxd8 48. Rxd8 Kxe4 49. Kxf6 g2 50. Rg8 Kf3 51. Ke5 Kf2 52. Kd4 g1=Q 53.
Rxg1 Kxg1 54. Ke4 1-0

[Event "FIDE Open World Blitz 2021"]
[Site "Warsaw"]
[Date "2021.12.29"]
[Round "6.36"]
[White "Wieczorek, Oskar"]
[Black "Gluszko, Tomasz"]
[Result "1-0"]
[WhiteElo "2258"]
[BlackElo "2086"]
[Annotator "NA"]
[PlyCount "135"]
[EventDate "2021.12.29"]
[EventType "swiss"]
[EventCountry "POL"]
[Tiebreak "Cut1 Buchholz"]
[SourceTitle "playchess.com"]
[Source "ChessBase"]
[SourceQuality "1"]

1. c4 Nf6 2. g3 g6 3. Bg2 Bg7 4. Nc3 O-O 5. e4 d6 6. Nge2 Nc6 7. O-O e5 8. d3
Nd4 9. Nxd4 exd4 10. Nd5 Nd7 11. Rb1 a5 12. Nf4 Nc5 13. h4 h5 14. b3 c6 15. Bb2
Bd7 16. Ne2 Ne6 17. f4 f5 18. exf5 gxf5 19. Kh2 Be8 20. Ng1 Bg6 21. Re1 Qf6 22.
Nf3 a4 23. bxa4 Ra7 24. Qc2 Rfa8 25. Re2 c5 26. Rbe1 Nf8 27. Ng5 Rxa4 28. a3
R4a7 29. Re7 Kh8 30. Bd5 Rb8 31. Qe2 Raa8 32. Nf7+ Kh7 33. Ng5+ Kh8 34. Qf3 Re8
35. Nf7+ Bxf7 36. Rxf7 Qg6 37. Rfe7 Rxe7 38. Rxe7 Rb8 39. Bf7 Qg4 40. Bxh5 Qxf3
41. Bxf3 b5 42. Rb7 Rxb7 43. Bxb7 bxc4 44. dxc4 Ne6 45. Kg2 Kh7 46. a4 Nd8 47.
Bd5 d3 48. Bxg7 d2 49. Bf3 Kxg7 50. a5 d5 51. a6 dxc4 52. a7 c3 53. a8=Q c2 54.
Qa7+ Nf7 55. Bd5 d1=Q 56. Qxf7+ Kh6 57. Qf6+ Kh7 58. Qxf5+ Kh6 59. Qg5+ Kh7 60.
Be4+ Kh8 61. Qh6+ Kg8 62. Qg6+ Kf8 63. Bxc2 Qe2+ 64. Kh3 Qf1+ 65. Kg4 Qe2+ 66.
Kg5 Qf3 67. Qf6+ Ke8 68. Ba4+ 1-0

[Event "FIDE Open World Blitz 2021"]
[Site "Warsaw"]
[Date "2021.12.29"]
[Round "6.37"]
[White "Vokhidov, Shamsiddin"]
[Black "Moroni, Luca Jr"]
[Result "1-0"]
[WhiteElo "2613"]
[BlackElo "2580"]
[Annotator "ChessBase"]
[PlyCount "70"]
[EventDate "2021.12.29"]
[EventType "swiss"]
[EventCountry "POL"]
[Tiebreak "Cut1 Buchholz"]
[SourceTitle "playchess.com"]
[Source "ChessBase"]
[SourceQuality "1"]

1. e4 g6 2. d4 Bg7 3. Nf3 d6 4. Bc4 Nf6 5. Qe2 O-O 6. e5 dxe5 7. dxe5 Nd5 8. h3
Be6 9. O-O Nd7 10. Nbd2 c6 11. Nb3 Qc7 12. Re1 c5 13. a4 N7b6 14. Ng5 Nxc4 15.
Nxe6 fxe6 16. Qxc4 b6 17. a5 Rab8 18. axb6 axb6 19. Bd2 Ra8 20. Rxa8 Rxa8 21.
Qg4 Qc6 22. c4 Nc7 23. Bg5 Qa4 24. Nd2 Qc2 25. Nf3 Bf8 26. Qh4 Re8 27. Bh6 g5
28. Bxg5 Qg6 29. Re4 Bg7 30. Rg4 h5 31. Rg3 Kh7 32. Bf6 exf6 33. Rxg6 Kxg6 34.
exf6 Bxf6 35. Qg3+ Kh7 1-0

[Event "FIDE Open World Blitz 2021"]
[Site "Warsaw"]
[Date "2021.12.29"]
[Round "6.37"]
[White "Sallam, Sabri Abdul-Mawla"]
[Black "Blanco Acevedo, Cristobal Jose"]
[Result "0-1"]
[WhiteElo "2194"]
[BlackElo "2350"]
[Annotator "NA"]
[PlyCount "67"]
[EventDate "2021.12.29"]
[EventType "swiss"]
[EventCountry "POL"]
[Tiebreak "Cut1 Buchholz"]
[SourceTitle "playchess.com"]
[Source "ChessBase"]
[SourceQuality "1"]

1. d4 Nf6 2. c4 e6 3. Nc3 d5 4. Nf3 c6 5. e3 Nbd7 6. Bd3 dxc4 7. Bxc4 Bd6 8.
O-O O-O 9. e4 e5 10. Bg5 Qc7 11. Rc1 h6 12. Bh4 a6 13. d5 c5 14. a4 b6 15. Qe2
Nh5 16. Bg3 Ndf6 17. Rfd1 Re8 18. Rd2 Qe7 19. Nd1 Ng4 20. Ne3 Nxe3 21. Qxe3
Nxg3 22. hxg3 Bd7 23. Ra1 b5 24. axb5 axb5 25. Rxa8 Rxa8 26. Be2 Ra1+ 27. Rd1
Ra8 28. Nh4 Qg5 29. Qxg5 hxg5 30. Nf3 f6 31. Rd2 c4 32. Ne1 Bb4 33. Rd1 Ra2 34.
Kf1 0-1

[Event "FIDE Open World Blitz 2021"]
[Site "Warsaw"]
[Date "2021.12.29"]
[Round "6.38"]
[White "Michalik, Peter"]
[Black "Blohberger, Felix"]
[Result "1-0"]
[WhiteElo "2605"]
[BlackElo "2490"]
[Annotator "ChessBase"]
[PlyCount "115"]
[EventDate "2021.12.29"]
[EventType "swiss"]
[EventCountry "POL"]
[Tiebreak "Cut1 Buchholz"]
[SourceTitle "playchess.com"]
[Source "ChessBase"]
[SourceQuality "1"]

1. e4 c5 2. Nf3 d6 3. d4 cxd4 4. Nxd4 Nf6 5. Nc3 a6 6. Be3 e6 7. f3 h5 8. Qd2
Be7 9. O-O-O b5 10. a3 Bb7 11. Kb1 Nbd7 12. Bd3 Rc8 13. Nb3 Nc5 14. Nxc5 dxc5
15. e5 Nd5 16. Be4 Nxc3+ 17. Qxc3 Qc7 18. Bxb7 Qxb7 19. Rd3 c4 20. Rdd1 O-O 21.
Qd4 Rfd8 22. Qb6 Qxb6 23. Bxb6 Rxd1+ 24. Rxd1 Bc5 25. Ba5 Kh7 26. Rd6 Ra8 27.
Rd7 Kg6 28. Bb4 Ra7 29. Rd8 Bb6 30. Rg8 Kh7 31. Rc8 Bg1 32. h3 Bd4 33. Bd6 Kg6
34. c3 Be3 35. g4 hxg4 36. hxg4 Kg5 37. a4 Rb7 38. Ra8 bxa4 39. Rxa6 Kf4 40.
Rxa4 Kxf3 41. Rxc4 f6 42. b4 Rd7 43. Kc2 fxe5 44. Bxe5 g6 45. Rc6 Re7 46. Bf6
Re8 47. g5 e5 48. b5 e4 49. b6 Rb8 50. Bd4 Bxg5 51. Rxg6 Bh4 52. Rh6 Bg3 53.
Rf6+ Ke2 54. c4 e3 55. c5 Bh2 56. c6 Bg3 57. c7 Rc8 58. Rf7 1-0

[Event "FIDE Open World Blitz 2021"]
[Site "Warsaw"]
[Date "2021.12.29"]
[Round "6.39"]
[White "Artemiev, Vladislav"]
[Black "Ponkratov, Pavel"]
[Result "1-0"]
[WhiteElo "2699"]
[BlackElo "2662"]
[Annotator "ChessBase"]
[PlyCount "61"]
[EventDate "2021.12.29"]
[EventType "swiss"]
[EventCountry "POL"]
[Tiebreak "Cut1 Buchholz"]
[SourceTitle "playchess.com"]
[Source "ChessBase"]
[SourceQuality "1"]

1. Nf3 g6 2. d4 d5 3. c4 c6 4. cxd5 cxd5 5. Nc3 Bg7 6. Bf4 Nf6 7. e3 O-O 8. Be2
Nc6 9. h3 Ne4 10. Rc1 Bf5 11. O-O Rc8 12. Qb3 Na5 13. Qb4 Nxc3 14. Rxc3 Rxc3
15. Qxc3 Nc6 16. Qb3 Na5 17. Qb4 Qb6 18. Qxb6 axb6 19. Rc1 Ra8 20. Rc7 Bf8 21.
Nd2 f6 22. a3 Bc8 23. Bb5 Kf7 24. e4 dxe4 25. d5 Bf5 26. g4 g5 27. Be3 Bg6 28.
b4 Nc6 29. dxc6 bxc6 30. Bxc6 Rxa3 31. Bd5+ 1-0

[Event "FIDE Open World Blitz 2021"]
[Site "Warsaw"]
[Date "2021.12.29"]
[Round "6.40"]
[White "Caruana, Fabiano"]
[Black "Shoker, Samy"]
[Result "1-0"]
[WhiteElo "2791"]
[BlackElo "2504"]
[Annotator "TA"]
[PlyCount "77"]
[EventDate "2021.12.29"]
[EventType "swiss"]
[EventCountry "POL"]
[Tiebreak "Cut1 Buchholz"]
[SourceTitle "playchess.com"]
[Source "ChessBase"]
[SourceQuality "1"]

1. e4 g6 2. d4 Bg7 3. Nc3 d6 4. Be3 a6 5. g4 b5 6. h4 b4 7. Nd5 Bb7 8. Bg2 a5
9. h5 e6 10. Nf4 g5 11. Nd3 h6 12. Ne2 Nd7 13. Ng3 Ne7 14. O-O c5 15. c3 cxd4
16. cxd4 Nc6 17. e5 dxe5 18. d5 exd5 19. Bxd5 O-O 20. Nc5 Nxc5 21. Bxc5 Re8 22.
Nf5 Qd7 23. Nd6 Re6 24. Nxb7 Qxb7 25. Bxe6 fxe6 26. Qf3 Rc8 27. Rad1 Qc7 28.
Qe4 Nd8 29. Be3 Nf7 30. Rc1 Qb8 31. Rxc8+ Qxc8 32. Rc1 Qd7 33. Qc6 Qd3 34. Qe8+
Bf8 35. Rc7 Qd1+ 36. Kh2 Qf3 37. Qxe6 e4 38. Qg6+ Kh8 39. Bd4+ 1-0

[Event "FIDE Open World Blitz 2021"]
[Site "Warsaw"]
[Date "2021.12.29"]
[Round "6.41"]
[White "Rapport, Richard"]
[Black "Demchenko, Anton"]
[Result "1-0"]
[WhiteElo "2763"]
[BlackElo "2655"]
[Annotator "ChessBase"]
[PlyCount "110"]
[EventDate "2021.12.29"]
[EventType "swiss"]
[EventCountry "POL"]
[Tiebreak "Cut1 Buchholz"]
[SourceTitle "playchess.com"]
[Source "ChessBase"]
[SourceQuality "1"]

1. e4 e5 2. Nf3 Nc6 3. g3 Nf6 4. d3 d5 5. exd5 Nxd5 6. Bg2 Bd6 7. O-O O-O 8. a3
Bg4 9. h3 Bh5 10. c4 Nf6 11. Nc3 a5 12. Be3 Re8 13. Qa4 Bg6 14. Rad1 Bf5 15.
Rfe1 Qc8 16. Kh2 h6 17. d4 exd4 18. Nxd4 Nxd4 19. Bxd4 Rxe1 20. Rxe1 Nh7 21.
Nd5 Ng5 22. c5 Bf8 23. c6 b5 24. Qxb5 Bxh3 25. Bh1 Bg4 26. Qd3 Rb8 27. Bc3 a4
28. Re3 Bc5 29. Bd4 Bd6 30. Be5 Bf5 31. Bxd6 Bxd3 32. Ne7+ Kh7 33. Nxc8 Rxc8
34. Rxd3 cxd6 35. Rxd6 f5 36. Rd4 Ne6 37. Rxa4 Rb8 38. b4 Kg6 39. Ra7 Kf6 40.
Rb7 Ra8 41. b5 Rxa3 42. c7 Rc3 43. Bc6 Nxc7 44. Rxc7 Rc2 45. Kg2 Rb2 46. Rb7
Rc2 47. Bf3 g5 48. Rb6+ Kg7 49. Rc6 Rb2 50. b6 g4 51. Bd5 h5 52. Rc7+ Kf6 53.
b7 h4 54. gxh4 f4 55. Rc8 Ke5 1-0

[Event "FIDE Open World Blitz 2021"]
[Site "Warsaw"]
[Date "2021.12.29"]
[Round "6.42"]
[White "Gareyev, Timur"]
[Black "Alekseenko, Kirill"]
[Result "1-0"]
[WhiteElo "2583"]
[BlackElo "2710"]
[Annotator "ChessBase"]
[PlyCount "51"]
[EventDate "2021.12.29"]
[EventType "swiss"]
[EventCountry "POL"]
[Tiebreak "Cut1 Buchholz"]
[SourceTitle "playchess.com"]
[Source "ChessBase"]
[SourceQuality "1"]

1. d4 d5 2. c4 dxc4 3. Nf3 a6 4. e4 b5 5. b3 cxb3 6. Bd3 e6 7. O-O Nf6 8. Nc3
Be7 9. Qxb3 Bb7 10. d5 c5 11. Rd1 exd5 12. e5 Nfd7 13. Nxd5 O-O 14. Nxe7+ Qxe7
15. Bxh7+ Kxh7 16. Ng5+ Kg6 17. Rd6+ Qxd6 18. exd6 f5 19. Qe6+ Nf6 20. h4 Nbd7
21. h5+ Kxh5 22. Qxf5 Ng4 23. Qh7+ Nh6 24. Ne6 Rh8 25. Nxg7+ Kg4 26. Qg6+ 1-0

[Event "FIDE Open World Blitz 2021"]
[Site "Warsaw"]
[Date "2021.12.29"]
[Round "6.43"]
[White "Dreev, Aleksey"]
[Black "Van Foreest, Lucas"]
[Result "1-0"]
[WhiteElo "2635"]
[BlackElo "2532"]
[Annotator "ChessBase"]
[PlyCount "83"]
[EventDate "2021.12.29"]
[EventType "swiss"]
[EventCountry "POL"]
[Tiebreak "Cut1 Buchholz"]
[SourceTitle "playchess.com"]
[Source "ChessBase"]
[SourceQuality "1"]

1. d4 Nf6 2. Nf3 d5 3. c4 e6 4. Bg5 dxc4 5. Qa4+ Nbd7 6. Qxc4 c5 7. Nc3 a6 8.
e3 b5 9. Qb3 Be7 10. Be2 O-O 11. O-O h6 12. Bh4 Bb7 13. Rfd1 Nd5 14. Bg3 Qb6
15. a4 c4 16. Qc2 N7f6 17. Ne5 Rac8 18. Bh4 Rfd8 19. Bf3 Nb4 20. Qe2 Rc7 21.
axb5 axb5 22. h3 Nbd5 23. e4 Nb4 24. Bg3 Rcc8 25. Qd2 Nd7 26. Nxd7 Rxd7 27. d5
exd5 28. Bg4 Rcd8 29. Bxd7 Rxd7 30. exd5 Nd3 31. Qe2 b4 32. d6 Bf8 33. Ne4 Bxe4
34. Qxe4 Bxd6 35. Qe8+ Kh7 36. Qxd7 Bxg3 37. Qf5+ Kg8 38. Ra8+ Bb8 39. Qc8+ Kh7
40. Qxb8 Qxf2+ 41. Kh2 Ne5 42. Qxe5 1-0

[Event "FIDE Open World Blitz 2021"]
[Site "Warsaw"]
[Date "2021.12.29"]
[Round "6.44"]
[White "Riazantsev, Alexander"]
[Black "Pichot, Alan"]
[Result "1/2-1/2"]
[WhiteElo "2634"]
[BlackElo "2630"]
[Annotator "ChessBase"]
[PlyCount "108"]
[EventDate "2021.12.29"]
[EventType "swiss"]
[EventCountry "POL"]
[Tiebreak "Cut1 Buchholz"]
[SourceTitle "playchess.com"]
[Source "ChessBase"]
[SourceQuality "1"]

1. d4 Nf6 2. c4 e6 3. Nf3 d5 4. Bg5 h6 5. Bxf6 Qxf6 6. e3 c6 7. Nbd2 Nd7 8. Bd3
g5 9. O-O Bg7 10. e4 O-O 11. e5 Qe7 12. cxd5 exd5 13. h3 f6 14. exf6 Bxf6 15.
Re1 Qg7 16. b4 h5 17. Nb3 g4 18. hxg4 hxg4 19. Nfd2 Bxd4 20. Nxd4 Qxd4 21. Re3
Nf6 22. a3 Bd7 23. Nb3 Qf4 24. g3 Qg5 25. Nc5 Rae8 26. Rxe8 Rxe8 27. Nxb7 Kg7
28. Nc5 Rh8 29. Bf1 Bf5 30. Qd4 Qh6 31. Bg2 Qh2+ 32. Kf1 Re8 33. Qf4 Kg6 34.
Rd1 Qh6 35. Qxh6+ Kxh6 36. Re1 Kg7 37. Rxe8 Nxe8 38. f4 gxf3 39. Bxf3 Kf6 40.
Kf2 Ke5 41. Ke3 Nd6 42. g4 Bc8 43. Be2 d4+ 44. Kd2 Ne4+ 45. Nxe4 Kxe4 46. g5
Kf5 47. Kd3 Ba6+ 48. Kd2 Bc8 49. Bf3 Kxg5 50. Kd3 Kf4 51. Bxc6 Ke5 52. Bf3 Ba6+
53. Kd2 Bc4 54. Bg2 Bb5 1/2-1/2

[Event "FIDE Open World Blitz 2021"]
[Site "Warsaw"]
[Date "2021.12.29"]
[Round "6.45"]
[White "Efimenko, Zahar"]
[Black "Saraci, Nderim"]
[Result "0-1"]
[WhiteElo "2601"]
[BlackElo "2486"]
[Annotator "ChessBase"]
[PlyCount "71"]
[EventDate "2021.12.29"]
[EventType "swiss"]
[EventCountry "POL"]
[Tiebreak "Cut1 Buchholz"]
[SourceTitle "playchess.com"]
[Source "ChessBase"]
[SourceQuality "1"]

1. e4 e5 2. Nf3 Nc6 3. Bb5 a6 4. Ba4 g6 5. O-O Bg7 6. Nc3 d6 7. Bxc6+ bxc6 8.
d4 f6 9. dxe5 fxe5 10. Qd3 Qf6 11. Bg5 Qf7 12. Nd2 h6 13. Be3 g5 14. Ne2 Ne7
15. c4 c5 16. a3 Nc6 17. b4 cxb4 18. axb4 Nxb4 19. Qc3 c5 20. f3 O-O 21. Nb3
Be6 22. Na5 Rfc8 23. g4 Nc6 24. Nxc6 Rxc6 25. Ra4 Rb8 26. Ng3 Rcb6 27. Nf5 Bf8
28. Rd1 Rb3 29. Qc1 Bxf5 30. exf5 R8b4 31. Rxb4 Rxb4 32. Rd5 Qb7 33. Qe1 Rxc4
34. Rd2 Qb3 35. Kf2 Rc2 36. Rxc2 0-1

[Event "FIDE Open World Blitz 2021"]
[Site "Warsaw"]
[Date "2021.12.29"]
[Round "6.46"]
[White "Durarbayli, Vasif"]
[Black "Babazada, Khazar"]
[Result "1-0"]
[WhiteElo "2599"]
[BlackElo "2302"]
[Annotator "ChessBase"]
[PlyCount "167"]
[EventDate "2021.12.29"]
[EventType "swiss"]
[EventCountry "POL"]
[Tiebreak "Cut1 Buchholz"]
[SourceTitle "playchess.com"]
[Source "ChessBase"]
[SourceQuality "1"]

1. e4 Nf6 2. e5 Nd5 3. d4 d6 4. c4 Nb6 5. exd6 cxd6 6. Nc3 g6 7. Be3 Bg7 8. Rc1
O-O 9. b3 Bf5 10. Nf3 d5 11. c5 Nc8 12. Be2 Nc6 13. O-O e6 14. a3 Bg4 15. b4
Bxf3 16. Bxf3 a6 17. g3 N8e7 18. Bg4 b6 19. cxb6 Qxb6 20. Na4 Qa7 21. Nc5 Rfb8
22. Qd3 Re8 23. Rfd1 Qb6 24. Qb3 Na7 25. Nd7 Qd6 26. Nc5 Qb6 27. Bf4 Nb5 28.
Be5 Bxe5 29. dxe5 Rad8 30. a4 Na7 31. a5 Qb8 32. Nxa6 Qxe5 33. b5 d4 34. Nc7
Rf8 35. Bf3 d3 36. b6 d2 37. bxa7 dxc1=Q 38. Rxc1 Qxa5 39. a8=Q Rxa8 40. Nxa8
Rxa8 41. Bxa8 Qxa8 42. Qc3 Nd5 43. Qc8+ Qxc8 44. Rxc8+ Kg7 45. Kg2 h5 46. Kf3
Kf6 47. Ra8 Nb6 48. Ra5 Nc4 49. Ra7 Ne5+ 50. Kg2 Nc6 51. Rc7 Ne7 52. h3 Nd5 53.
Rb7 Ne7 54. Kf3 Nf5 55. Rd7 Ne7 56. Ke4 Nd5 57. Kd4 Nb6 58. Rb7 Nd5 59. Kc5 Nc3
60. Rb4 g5 61. Kd6 Nd1 62. Rb3 Kg6 63. f3 Nf2 64. h4 gxh4 65. gxh4 Kf6 66. Ra3
Nh3 67. Ra4 Ng1 68. Rf4+ Kg6 69. Ke7 f5 70. Kxe6 Ne2 71. Ra4 Ng1 72. Rf4 Ne2
73. Rc4 Ng1 74. f4 Nf3 75. Rc3 Nd4+ 76. Ke5 Ne2 77. Rc6+ Kg7 78. Rc7+ Kg6 79.
Rc6+ Kg7 80. Ra6 Ng3 81. Ra3 Ne4 82. Ra7+ Kh6 83. Ra6+ Kg7 84. Kxf5 1-0

[Event "FIDE Open World Blitz 2021"]
[Site "Warsaw"]
[Date "2021.12.29"]
[Round "6.47"]
[White "Cheparinov, Ivan"]
[Black "Klekowski, Maciej"]
[Result "1-0"]
[WhiteElo "2594"]
[BlackElo "2499"]
[Annotator "ChessBase"]
[PlyCount "77"]
[EventDate "2021.12.29"]
[EventType "swiss"]
[EventCountry "POL"]
[Tiebreak "Cut1 Buchholz"]
[SourceTitle "playchess.com"]
[Source "ChessBase"]
[SourceQuality "1"]

1. d4 Nf6 2. c4 e6 3. Nf3 b6 4. g3 Bb7 5. Bg2 Be7 6. O-O O-O 7. Re1 a5 8. h4 d5
9. cxd5 exd5 10. Nc3 Na6 11. Bf4 c5 12. Rc1 h6 13. e3 Ne4 14. h5 cxd4 15. Nxd4
Nac5 16. Ncb5 Qd7 17. a4 Rac8 18. b3 Rfe8 19. Bf3 Nf6 20. Qe2 Nce4 21. Nc7 Red8
22. Red1 Ba3 23. Rc2 Bc5 24. Ncb5 Ba6 25. Rdc1 Bxd4 26. exd4 Rxc2 27. Rxc2 Rc8
28. Be5 Nc3 29. Qe3 Nxb5 30. Rxc8+ Qxc8 31. axb5 Bxb5 32. Bxf6 gxf6 33. Qxh6
Qf5 34. Qe3 Bd3 35. g4 Qh7 36. Bxd5 Kf8 37. Qf4 Qg7 38. Qb8+ Ke7 39. Qc7+ 1-0

[Event "FIDE Open World Blitz 2021"]
[Site "Warsaw"]
[Date "2021.12.29"]
[Round "6.48"]
[White "Asadli, Vugar"]
[Black "Christiansen, Johan-Sebastian"]
[Result "1-0"]
[WhiteElo "2386"]
[BlackElo "2593"]
[Annotator "ChessBase"]
[PlyCount "91"]
[EventDate "2021.12.29"]
[EventType "swiss"]
[EventCountry "POL"]
[Tiebreak "Cut1 Buchholz"]
[SourceTitle "playchess.com"]
[Source "ChessBase"]
[SourceQuality "1"]

1. e4 e5 2. Nf3 Nc6 3. Bc4 Nf6 4. d3 Be7 5. O-O O-O 6. Nc3 d6 7. a3 Kh8 8. h3
Be6 9. Nd5 Ng8 10. b4 Qd7 11. b5 Nd8 12. d4 f6 13. Re1 c6 14. bxc6 bxc6 15. Ne3
d5 16. Bd3 Nf7 17. dxe5 fxe5 18. c4 d4 19. Nf5 Bc5 20. Rb1 Nf6 21. Ng3 Rfe8 22.
Qa4 Qc7 23. Bd2 a5 24. Rb2 Bc8 25. Reb1 Nd6 26. Bb4 axb4 27. Qxa8 Bb7 28. Qa4
Ra8 29. Qd1 bxa3 30. Ra2 Nd7 31. Nh4 Nb6 32. Qh5 Nbxc4 33. Ng6+ Kg8 34. Nxe5
Nb2 35. Qe2 Qe7 36. Nf3 h6 37. e5 Nf7 38. Raxb2 axb2 39. Qe4 Ra1 40. Qh7+ Kf8
41. Nf5 Rxb1+ 42. Bxb1 Qe6 43. Qxg7+ Ke8 44. Qg8+ Kd7 45. Ng7 Qe7 46. Qb8 1-0

[Event "FIDE Open World Blitz 2021"]
[Site "Warsaw"]
[Date "2021.12.29"]
[Round "6.49"]
[White "Tang, Andrew"]
[Black "Tologontegin, Semetey"]
[Result "1-0"]
[WhiteElo "2588"]
[BlackElo "2224"]
[Annotator "ChessBase"]
[PlyCount "49"]
[EventDate "2021.12.29"]
[EventType "swiss"]
[EventCountry "POL"]
[Tiebreak "Cut1 Buchholz"]
[SourceTitle "playchess.com"]
[Source "ChessBase"]
[SourceQuality "1"]

1. d4 g6 2. c4 Bg7 3. Nc3 d6 4. e4 e5 5. Nge2 Bd7 6. d5 f5 7. exf5 gxf5 8. Ng3
Nf6 9. Nh5 Nxh5 10. Qxh5+ Kf8 11. g4 Qe8 12. Qh4 fxg4 13. h3 Na6 14. Be3 Nb4
15. O-O-O Qg6 16. Rd2 Bf6 17. Qg3 gxh3 18. Bxh3 Qxg3 19. fxg3 Bxh3 20. Rxh3 Kg7
21. a3 Na6 22. Ne4 Be7 23. g4 b6 24. Ng3 Rag8 25. Rf2 1-0

[Event "FIDE Open World Blitz 2021"]
[Site "Warsaw"]
[Date "2021.12.29"]
[Round "6.50"]
[White "Mastrovasilis, Dimitrios"]
[Black "Mitrabha, Guha"]
[Result "1/2-1/2"]
[WhiteElo "2577"]
[BlackElo "2370"]
[Annotator "ChessBase"]
[PlyCount "67"]
[EventDate "2021.12.29"]
[EventType "swiss"]
[EventCountry "POL"]
[Tiebreak "Cut1 Buchholz"]
[SourceTitle "playchess.com"]
[Source "ChessBase"]
[SourceQuality "1"]

1. e4 c6 2. d4 d5 3. Nd2 dxe4 4. Nxe4 Nf6 5. Nxf6+ gxf6 6. c3 h5 7. Nf3 h4 8.
Qb3 Qb6 9. Bc4 Qxb3 10. axb3 Nd7 11. b4 Nb6 12. Be2 a6 13. O-O Bg4 14. h3 Bxf3
15. Bxf3 Bh6 16. Ra5 Bxc1 17. Rxc1 Kd7 18. d5 cxd5 19. Bxd5 Kc7 20. Bxf7 Rad8
21. c4 Rd2 22. c5 Nd7 23. b5 axb5 24. Rxb5 Ne5 25. Be6 Ra8 26. f4 Nd3 27. Rf1
Ra4 28. Bd5 Rxb2 29. Rxb2 Nxb2 30. Rb1 Rb4 31. Kh2 Nd3 32. Rxb4 Nxb4 33. Be4
Na6 34. g3 1/2-1/2

[Event "FIDE Open World Blitz 2021"]
[Site "Warsaw"]
[Date "2021.12.29"]
[Round "6.51"]
[White "Theodorou, Nikolas"]
[Black "Gagunashvili, Merab"]
[Result "1/2-1/2"]
[WhiteElo "2351"]
[BlackElo "2575"]
[Annotator "ChessBase"]
[PlyCount "69"]
[EventDate "2021.12.29"]
[EventType "swiss"]
[EventCountry "POL"]
[Tiebreak "Cut1 Buchholz"]
[SourceTitle "playchess.com"]
[Source "ChessBase"]
[SourceQuality "1"]

1. d4 d5 2. c4 c6 3. Nf3 Nf6 4. Nc3 dxc4 5. e4 b5 6. Be2 e6 7. a4 b4 8. e5 bxc3
9. exf6 Qxf6 10. bxc3 Bd6 11. O-O Ba6 12. Ne5 O-O 13. Nxc4 Bxc4 14. Bxc4 Nd7
15. a5 Rfd8 16. g3 Rab8 17. Be3 Qe7 18. Qa4 c5 19. d5 Ne5 20. dxe6 Nxc4 21.
Qxc4 Qxe6 22. Qxe6 fxe6 23. Rab1 a6 24. Rxb8 Rxb8 25. Rd1 Bc7 26. Bxc5 Bxa5 27.
Rd6 Bxc3 28. Rxa6 Rc8 29. Be3 Kf7 30. Kg2 Rc7 31. h4 g6 32. Ra4 h5 33. Rf4+ Kg7
34. Re4 Kf7 35. Rf4+ 1/2-1/2

[Event "FIDE Open World Blitz 2021"]
[Site "Warsaw"]
[Date "2021.12.29"]
[Round "6.52"]
[White "Thybo, Jesper Sondergaard"]
[Black "Narayanan.S.L"]
[Result "1-0"]
[WhiteElo "2195"]
[BlackElo "2570"]
[Annotator "ChessBase"]
[PlyCount "65"]
[EventDate "2021.12.29"]
[EventType "swiss"]
[EventCountry "POL"]
[Tiebreak "Cut1 Buchholz"]
[SourceTitle "playchess.com"]
[Source "ChessBase"]
[SourceQuality "1"]

1. d4 Nf6 2. Nf3 d5 3. c4 e6 4. g3 Be7 5. Bg2 O-O 6. Nc3 Nbd7 7. Qd3 a6 8. cxd5
exd5 9. O-O c5 10. Bf4 h6 11. dxc5 Nxc5 12. Qc2 Nce4 13. Rad1 Bf5 14. Nd4 Bg6
15. Nxe4 Nxe4 16. Qb3 Qd7 17. Nf3 Bf6 18. Ne5 Bxe5 19. Bxe5 Rfd8 20. Bd4 Qd6
21. Bb6 Rd7 22. Bh3 f5 23. f3 Ng5 24. Bg2 Ne6 25. f4 Kh8 26. Rxd5 Qe7 27. Rfd1
Nf8 28. Bc5 Qxe2 29. Rxd7 Nxd7 30. Rxd7 Qe1+ 31. Bf1 Be8 32. Re7 Qc1 33. Qc3
1-0

[Event "FIDE Open World Blitz 2021"]
[Site "Warsaw"]
[Date "2021.12.29"]
[Round "7.1"]
[White "Gajewski, Grzegorz"]
[Black "Theodorou, Nikolas"]
[Result "1-0"]
[WhiteElo "2589"]
[BlackElo "2351"]
[Annotator "ChessBase"]
[PlyCount "89"]
[EventDate "2021.12.29"]
[EventType "swiss"]
[EventCountry "POL"]
[Tiebreak "Cut1 Buchholz"]
[SourceTitle "playchess.com"]
[Source "ChessBase"]
[SourceQuality "1"]

1. Nf3 Nf6 2. c4 g6 3. Nc3 Bg7 4. e4 d6 5. d4 O-O 6. Be2 Na6 7. O-O e5 8. Be3
Qe7 9. dxe5 dxe5 10. a3 Ng4 11. Bd2 f5 12. b4 c6 13. c5 Nc7 14. Bg5 Bf6 15.
Bxf6 Rxf6 16. h3 Nh6 17. exf5 gxf5 18. Re1 e4 19. Nd4 Ne6 20. Bc4 Kg7 21. Bxe6
Bxe6 22. Qd2 Nf7 23. Nce2 Bd7 24. Nf4 Rh6 25. Re3 Kh8 26. Rg3 Rg8 27. Rxg8+
Kxg8 28. Rd1 Qg5 29. Qe3 Ne5 30. Kf1 Rf6 31. Nde2 Rf7 32. Qc3 Qe7 33. Rd6 Rf6
34. Rd1 b6 35. Ng3 Rf7 36. Ngh5 Bc8 37. Rd6 bxc5 38. bxc5 Ba6+ 39. Kg1 Nd3 40.
Ne6 h6 41. Rd8+ Kh7 42. Qh8+ Kg6 43. Nhf4+ Nxf4 44. Nxf4+ Kg5 45. g3 1-0

[Event "FIDE Open World Blitz 2021"]
[Site "Warsaw"]
[Date "2021.12.29"]
[Round "7.2"]
[White "Kanarek, Marcel"]
[Black "Piorun, Kacper"]
[Result "1-0"]
[WhiteElo "2342"]
[BlackElo "2634"]
[Annotator "ChessBase"]
[PlyCount "103"]
[EventDate "2021.12.29"]
[EventType "swiss"]
[EventCountry "POL"]
[Tiebreak "Cut1 Buchholz"]
[SourceTitle "playchess.com"]
[Source "ChessBase"]
[SourceQuality "1"]

1. e4 g6 2. d4 Bg7 3. Nc3 c5 4. Nf3 cxd4 5. Nxd4 Nc6 6. Be3 Nf6 7. Bc4 Qa5 8.
O-O O-O 9. Nb3 Qc7 10. f4 d6 11. Be2 Be6 12. Bf3 Bc4 13. Re1 Rfd8 14. Nd5 Bxd5
15. exd5 Na5 16. Nxa5 Qxa5 17. Bd4 Rd7 18. c3 Rc7 19. Qb3 Nd7 20. Bxg7 Kxg7 21.
Re2 b5 22. a3 Qb6+ 23. Kh1 a5 24. Rae1 Nc5 25. Qd1 Raa7 26. Qd4+ Kg8 27. f5 Na4
28. Qh4 b4 29. f6 exf6 30. Qh6 Re7 31. Rxe7 Rxe7 32. Rxe7 Qd8 33. Re1 Nxb2 34.
cxb4 axb4 35. Qe3 Kg7 36. axb4 Nc4 37. Qd4 Ne5 38. b5 Qa5 39. Ra1 Qxb5 40. Rd1
h5 41. h3 Qb3 42. Qf2 Qc4 43. Re1 Qf4 44. Rf1 h4 45. Bg4 Qg5 46. Qf4 Qxf4 47.
Rxf4 f5 48. Be2 g5 49. Rxf5 Kg6 50. Rxe5 dxe5 51. d6 Kf6 52. Bg4 1-0